Statistics for Ten Biggest Cities in each Quadrant of the United States

Click here to take the quiz!

General Stats

  • This quiz has been taken 2,731 times
  • The average score is 32 of 40

Answers on the Map

Answers color-coded by a green-red scale on the quiz's map according to % correct below.
 

Answer Stats

SectionPopulationCity% Correct
Southwest13,291,486Los Angeles
97%
Northeast19,979,477New York City
97%
Southeast6,198,782Miami
96%
Southwest4,729,484San Francisco
96%
Northeast9,498,716Chicago
95%
Northwest3,939,363Seattle
94%
Northeast4,875,390Boston
93%
Southeast7,539,711Dallas
93%
Southeast6,997,384Houston
93%
Southwest2,231,647Las Vegas
93%
Southeast5,949,951Atlanta
91%
Southeast6,249,950Washington DC
91%
Southwest3,343,364San Diego
90%
Northeast4,326,442Detroit
89%
Northeast6,096,372Philadelphia
89%
Southwest4,857,962Phoenix
89%
Southwest2,932,415Denver
88%
Southeast2,572,692Orlando
86%
Northwest2,478,810Portland
86%
Southwest2,345,210Sacramento
84%
Northwest1,222,540Salt Lake City
84%
Northeast3,629,190Minneapolis
83%
Southeast3,142,663Tampa
82%
Northeast2,057,009Cleveland
79%
Southeast2,802,789Baltimore
78%
Northwest730,426Boise
76%
Northeast2,106,541Columbus
76%
Northeast2,324,743Pittsburgh
76%
Southwest1,999,107San Jose
74%
Northwest399,148Anchorage
73%
Southeast2,569,213Charlotte
73%
Southeast2,805,465St. Louis
71%
Northeast1,621,337Providence
68%
Southwest1,039,073Tucson
65%
Northwest432,102Salem
61%
Northwest573,493Spokane
52%
Northwest379,611Eugene
46%
Northwest633,768Provo
44%
Southwest4,622,361Riverside
40%
Northwest675,067Ogden
33%

Score Distribution

Percentile by Number Answered

Percent of People with Each Score

Your Score History

You have not taken this quiz